Interatívny návrh prediktívneho riadenia

Saved in:
Bibliographic Details
Main Author: Mrosko, Marián, 1979- (Author)
Other Authors: Miklovičová, Eva, 1967- (Thesis advisor)
Format: Manuscript Book
Language:Slovak
Published: Bratislava : STU v Bratislave FEI, 2003
Subjects:
Tags: Add Tag
No Tags, Be the first to tag this record!

MARC

LEADER 00000ntm a22000003a 4500
001 stu80921
005 20150617225640.5
008 030611s2003------------------------slo-d
040 |a STU  |b slo 
041 0 |a slo 
100 1 |a Mrosko, Marián,  |d 1979-  |4 aut  |u E011  |U FEI Fakulta elektrotechniky a informatiky  |T FEI Ústav robotiky a kybernetiky  |X 4907  |U E011  |Y 356  |7 A000004907 
245 1 |a Interatívny návrh prediktívneho riadenia 
260 |a Bratislava :  |b STU v Bratislave FEI,  |c 2003 
300 |a 94 s 
650 7 |a automatizácia  |2 stusub 
700 1 |a Miklovičová, Eva,  |d 1967-  |4 ths  |u E011  |U FEI Fakulta elektrotechniky a informatiky  |T FEI Ústav robotiky a kybernetiky  |X 4909  |U E011  |Y 356  |7 A000004909